| 000 | 00630nam a2200181 a 4500 | ||
|---|---|---|---|
| 005 | 20140310183318.0 | ||
| 008 | 060104s19uu xx 00 eng d | ||
| 050 |
_aQA 76.64 _b.P381 2005 |
||
| 100 | _aPelayo, Shiela Blanca | ||
| 245 |
_aObject-oriented programming : _bvisual basic / _cwritten by: Shiela Blanca Pelayo ; edited by: Conchita C. Crisostomo. |
||
| 260 |
_aManila, Philippines : _b3K-IT Educational Services, _c2005. |
||
| 300 |
_a163 p. : _bill. ; _c23 cm. |
||
| 521 | _aIT | ||
| 650 | _aFile organization (Computer Science). | ||
| 700 | _aCrisostomo, Conchita C., ed. | ||
| 942 |
_cBK _2lcc _kLOC |
||
| 999 |
_c21329 _d21329 |
||